[Event "chess.com SpeedChess Q2Sw"]
[Site "chess.com INT"]
[Date "2022.11.12"]
[Round "3"]
[White "Costachi, Mihnea"]
[Black "Bochnicka, Vladimir ml."]
[Result "1-0"]
[WhiteTitle "IM"]
[BlackTitle "FM"]
[WhiteElo "2476"]
[BlackElo "2350"]
[WhiteFideId "1217518"]
[BlackFideId "14943450"]
[EventDate "2022.11.12"]

1. Nc3 Nf6 2. e4 e5 3. Bc4 Nc6 4. d3 Bc5 5. f4 d6 6. Nf3 O-O 7. f5 Ng4 8. Qe2
Nf6 9. Bg5 h6 10. Bh4 Bb4 11. g4 Nd4 12. Nxd4 exd4 13. a3 dxc3 14. axb4 cxb2 15.
Rb1 Qe7 16. g5 hxg5 17. Bxg5 Qe5 18. Rg1 c6 19. Qg2 d5 20. Bf4 Qc3+ 21. Bd2 1-0

[Event "chess.com SpeedChess Q2Sw"]
[Site "chess.com INT"]
[Date "2022.11.12"]
[Round "3"]
[White "Gurevich, Dmitry"]
[Black "Filgueira, Hernan"]
[Result "0-1"]
[WhiteTitle "GM"]
[BlackTitle "IM"]
[WhiteElo "2396"]
[BlackElo "2283"]
[WhiteFideId "2000407"]
[BlackFideId "101770"]
[EventDate "2022.11.12"]

1. d4 d5 2. c4 e6 3. Nc3 c6 4. e4 Bb4 5. e5 Ne7 6. a3 Bxc3+ 7. bxc3 c5 8. cxd5
exd5 9. Nf3 Bf5 10. Be2 Nbc6 11. O-O O-O 12. a4 cxd4 13. cxd4 Nb4 14. Ba3 a5 15.
Bxb4 axb4 16. Qb3 Qa5 17. Rfc1 Rfc8 18. Bb5 Rc3 19. Rxc3 bxc3 20. Rc1 Rc8 21. h3
h6 22. Ne1 c2 23. Nd3 Qd2 24. Qa3 Bxd3 25. Bxd3 Rc3 26. Qxe7 Qxc1+ 27. Kh2 Qf4+ 0-1

[Event "chess.com SpeedChess Q2Sw"]
[Site "chess.com INT"]
[Date "2022.11.12"]
[Round "3"]
[White "Swiercz, Dariusz"]
[Black "Manukyan, Sargis A."]
[Result "1-0"]
[WhiteTitle "GM"]
[BlackTitle "FM"]
[WhiteElo "2646"]
[BlackElo "2163"]
[WhiteFideId "1126881"]
[BlackFideId "13303970"]
[EventDate "2022.11.12"]

1. e4 c5 2. Nf3 d6 3. d4 cxd4 4. Nxd4 Nf6 5. Nc3 g6 6. Be3 Bg7 7. f3 O-O 8. Qd2
Nc6 9. O-O-O d5 10. Nxc6 bxc6 11. Bh6 Rb8 12. Bxg7 Kxg7 13. h4 Qb6 14. b3 h5 15.
e5 Nd7 16. Na4 Qb4 17. Qxb4 Rxb4 18. Re1 e6 19. c3 Rb8 20. f4 Nb6 21. Nc5 Nd7
22. Nxd7 Bxd7 23. Be2 Rh8 24. Bf3 a5 25. Rd1 a4 26. b4 c5 27. a3 cxb4 28. cxb4
Rhc8+ 29. Kb2 Rc4 30. g3 Rbc8 31. Rc1 Bb5 32. Rxc4 Bxc4 33. Rc1 Ra8 34. Rxc4 1-0

[Event "chess.com SpeedChess Q2Sw"]
[Site "chess.com INT"]
[Date "2022.11.12"]
[Round "3"]
[White "Walentukiewicz, Michal"]
[Black "Tan, Zhongyi"]
[Result "0-1"]
[WhiteTitle "CM"]
[BlackTitle "GM"]
[WhiteElo "2088"]
[BlackElo "2514"]
[WhiteFideId "1126903"]
[BlackFideId "8603642"]
[EventDate "2022.11.12"]

1. g3 d5 2. Bg2 c5 3. c4 d4 4. d3 e5 5. Nf3 Nc6 6. O-O Nf6 7. e3 Be7 8. exd4
cxd4 9. Na3 O-O 10. Nc2 Nd7 11. Rb1 a5 12. a3 a4 13. b4 axb3 14. Rxb3 Nc5 15.
Rb5 Bf5 16. Nfe1 Qc7 17. f4 Na4 18. Qf3 Nc3 19. Rb2 e4 20. dxe4 Bxe4 21. Qf2 d3
22. Nb4 Ne2+ 23. Rxe2 dxe2 24. Qxe2 Bc5+ 25. Kh1 Bxg2+ 26. Nxg2 Nxb4 27. axb4
Bxb4 28. Ne3 Rfe8 29. Qf3 Qc6 30. Kg2 Ra2+ 31. Kh3 Qh6+ 32. Kg4 Rxh2 33. f5 Qh5+
34. Kf4 Bd6# 0-1

[Event "chess.com SpeedChess Q2Sw"]
[Site "chess.com INT"]
[Date "2022.11.12"]
[Round "3"]
[White "Boros, Denes"]
[Black "Jeet, Jain"]
[Result "1-0"]
[WhiteTitle "GM"]
[BlackTitle "FM"]
[WhiteElo "2402"]
[BlackElo "2139"]
[WhiteFideId "722340"]
[BlackFideId "5073022"]
[EventDate "2022.11.12"]

1. d4 Nf6 2. Nc3 c5 3. Nf3 cxd4 4. Nxd4 Nc6 5. Bg5 Qb6 6. Nb3 e6 7. a3 d5 8. e3
Be7 9. Bd3 h6 10. Bh4 O-O 11. O-O Ne5 12. e4 Nxd3 13. cxd3 dxe4 14. dxe4 e5 15.
Bxf6 Bxf6 16. Nd5 Qd8 17. Rc1 Bg5 18. Rc3 Bd7 19. Nc5 Bc6 20. Qf3 Rc8 21. Rd1
Qe8 22. Qg3 b6 23. Nd3 Bxd5 24. exd5 e4 25. Rxc8 Qxc8 26. Nb4 Bf6 27. Nc6 Bxb2
28. Ne7+ 1-0

[Event "chess.com SpeedChess Q2Sw"]
[Site "chess.com INT"]
[Date "2022.11.12"]
[Round "3"]
[White "Rasulov, Vugar"]
[Black "Sevian, Samuel"]
[Result "1-0"]
[WhiteTitle "GM"]
[BlackTitle "GM"]
[WhiteElo "2525"]
[BlackElo "2687"]
[WhiteFideId "13402390"]
[BlackFideId "2040506"]
[EventDate "2022.11.12"]

1. d4 Nf6 2. c4 e5 3. dxe5 Ng4 4. Nh3 Nxe5 5. e3 Ng6 6. Nc3 Bb4 7. Bd2 d6 8. Nd5
Bxd2+ 9. Qxd2 Bxh3 10. gxh3 c6 11. Nc3 O-O 12. O-O-O Qh4 13. f4 Na6 14. Rg1 Rad8
15. Rg4 Qe7 16. Bd3 d5 17. cxd5 Nb4 18. Bxg6 hxg6 19. d6 Qe6 20. a3 Nd5 21. Nxd5
cxd5 22. Qxd5 Qxe3+ 23. Kb1 Rfe8 24. f5 Re5 25. Qxb7 gxf5 26. Rgd4 Rc5 27. Qe7 1-0

[Event "chess.com SpeedChess Q2Sw"]
[Site "chess.com INT"]
[Date "2022.11.12"]
[Round "3"]
[White "Manukyan, Sargis V."]
[Black "Baskakov, Egor"]
[Result "0-1"]
[WhiteTitle "FM"]
[BlackTitle "CM"]
[WhiteElo "2253"]
[BlackElo "2215"]
[WhiteFideId "13303465"]
[BlackFideId "24197866"]
[EventDate "2022.11.12"]

1. Nf3 Nf6 2. g3 e6 3. Bg2 d5 4. O-O Be7 5. d4 O-O 6. c4 Ne4 7. Nc3 f5 8. Nd2 c6
9. Ndxe4 fxe4 10. cxd5 exd5 11. f3 exf3 12. Rxf3 Be6 13. Bf4 Nd7 14. Qd2 Bg4 15.
Rf2 Nf6 16. Raf1 Qd7 17. Be5 Rae8 18. e4 dxe4 19. Nxe4 Nxe4 20. Bxe4 Rxf2 21.
Rxf2 Bd8 22. Qf4 Be6 23. Bd6 g5 24. Bxh7+ Qxh7 25. Qe5 Qb1+ 26. Rf1 Qxf1+ 0-1

[Event "chess.com SpeedChess Q2Sw"]
[Site "chess.com INT"]
[Date "2022.11.12"]
[Round "3"]
[White "Jones, Gawain C B"]
[Black "Mardov, Dimitar"]
[Result "1-0"]
[WhiteTitle "GM"]
[BlackTitle "IM"]
[WhiteElo "2623"]
[BlackElo "2432"]
[WhiteFideId "409561"]
[BlackFideId "30919495"]
[EventDate "2022.11.12"]

1. Nf3 d5 2. g3 Bg4 3. Bg2 Nd7 4. h3 Bh5 5. c4 e6 6. cxd5 exd5 7. Nc3 c6 8. d3
Ngf6 9. g4 Bg6 10. Nh4 Bb4 11. Bd2 Qe7 12. O-O Bd6 13. e4 dxe4 14. dxe4 Nc5 15.
g5 Nfxe4 16. Nxg6 hxg6 17. Nxe4 Nxe4 18. Re1 Rh4 19. Qc2 O-O-O 20. Rxe4 Rxe4 21.
Qxe4 Qxe4 22. Bxe4 Bh2+ 23. Kxh2 Rxd2 24. b3 Rxf2+ 25. Kg3 Re2 26. Bf3 Re5 27.
Rf1 Rxg5+ 28. Bg4+ 1-0

[Event "chess.com SpeedChess Q2Sw"]
[Site "chess.com INT"]
[Date "2022.11.12"]
[Round "3"]
[White "Kirillov, Dmitry"]
[Black "Erdogdu, Mert"]
[Result "1-0"]
[WhiteTitle "FM"]
[BlackTitle "GM"]
[WhiteElo "2195"]
[BlackElo "2413"]
[WhiteFideId "34180572"]
[BlackFideId "6301495"]
[EventDate "2022.11.12"]

1. e4 c5 2. Nc3 d6 3. f4 g6 4. Nf3 Bg7 5. Bc4 Nc6 6. d3 e6 7. O-O Nge7 8. Qe1
O-O 9. f5 gxf5 10. Qh4 fxe4 11. dxe4 Ng6 12. Qh5 Nce5 13. Bh6 Nxf3+ 14. Rxf3 Qh4
15. Qxh4 Nxh4 16. Rg3 Ng6 17. Bxg7 Kxg7 18. Rd1 Rd8 19. Nb5 a6 20. Nxd6 b5 21.
Nf5+ exf5 22. Rxd8 f4 23. Bd5 Ra7 24. Rxg6+ hxg6 25. Rxc8 c4 26. Rb8 Kf6 27. Rb7
Rxb7 28. Bxb7 a5 29. Ba6 b4 30. Bxc4 1-0

[Event "chess.com SpeedChess Q2Sw"]
[Site "chess.com INT"]
[Date "2022.11.12"]
[Round "3"]
[White "Balaji, Aaravamudhan"]
[Black "Aumann, Welf"]
[Result "1-0"]
[WhiteTitle "CM"]
[BlackTitle "FM"]
[WhiteElo "2353"]
[BlackElo "2316"]
[WhiteFideId "436224"]
[BlackFideId "4634071"]
[EventDate "2022.11.12"]

1. Nf3 c5 2. g3 Nc6 3. Bg2 g6 4. O-O Bg7 5. c4 d6 6. Nc3 Qd7 7. d3 b6 8. a3 Bb7
9. Bd2 e6 10. Qc1 h5 11. Ne1 h4 12. Nc2 hxg3 13. fxg3 Nf6 14. Bg5 Ng4 15. h3 Nd4
16. hxg4 Nb3 17. Qf4 Nxa1 18. Rxa1 f6 19. Bxf6 O-O 20. g5 Bxg2 21. Kxg2 e5 22.
Qh4 1-0

[Event "chess.com SpeedChess Q2Sw"]
[Site "chess.com INT"]
[Date "2022.11.12"]
[Round "3"]
[White "Shankland, Sam"]
[Black "Danielyan, Vahe"]
[Result "1-0"]
[WhiteTitle "GM"]
[BlackTitle "IM"]
[WhiteElo "2710"]
[BlackElo "2307"]
[WhiteFideId "2004887"]
[BlackFideId "13304828"]
[EventDate "2022.11.12"]

1. d4 d5 2. c4 dxc4 3. e3 Nf6 4. Bxc4 e6 5. Nf3 a6 6. O-O Nbd7 7. Nbd2 c5 8. e4
b5 9. e5 bxc4 10. exf6 gxf6 11. Nxc4 Bb7 12. Re1 cxd4 13. Nxd4 Rg8 14. g3 Rc8
15. b3 Bc5 16. Bb2 Nf8 17. Nf5 Bd5 18. Bxf6 Qxf6 19. Qxd5 Nd7 20. Rad1 Kf8 21.
Qxd7 Qxf5 22. Qxc8+ Kg7 23. Ne3 Qxf2+ 24. Kxf2 1-0

[Event "chess.com SpeedChess Q2Sw"]
[Site "chess.com INT"]
[Date "2022.11.12"]
[Round "3"]
[White "Bilan, Danila"]
[Black "Matveeva, Olga"]
[Result "1/2-1/2"]
[WhiteTitle "FM"]
[BlackTitle "WIM"]
[WhiteElo "2303"]
[BlackElo "2111"]
[WhiteFideId "24161918"]
[BlackFideId "24107018"]
[EventDate "2022.11.12"]

1. d4 Nf6 2. Nf3 e6 3. g3 d5 4. Bg2 b5 5. O-O Bb7 6. Bg5 Nbd7 7. Nbd2 Be7 8. a4
b4 9. c4 c5 10. Rc1 O-O 11. cxd5 Bxd5 12. dxc5 Nxc5 13. Bxf6 gxf6 14. Nc4 Rc8
15. Ne3 Be4 16. Nd4 Bxg2 17. Kxg2 Qb6 18. Nb3 Nxa4 19. Rxc8 Rxc8 20. Qd7 Qc6+
21. Qxc6 Rxc6 22. Ra1 Nxb2 23. Rxa7 Bd6 24. Rb7 Nc4 25. Nc2 Na5 26. Nxb4 Bxb4
27. Rxb4 Nxb3 28. Rxb3 Rc2 29. Kf3 Kg7 30. h4 Ra2 31. Ke3 h6 32. Rd3 Rb2 33. Kf3
Ra2 34. Ke3 Rb2 35. Rd2 Rb3+ 36. Rd3 Rb2 1/2-1/2

[Event "chess.com SpeedChess Q2Sw"]
[Site "chess.com INT"]
[Date "2022.11.12"]
[Round "3"]
[White "Tabatabaei, M. Amin"]
[Black "Stoyanov, Tsvetan"]
[Result "1-0"]
[WhiteTitle "GM"]
[BlackTitle "IM"]
[WhiteElo "2655"]
[BlackElo "2456"]
[WhiteFideId "12521213"]
[BlackFideId "2917173"]
[EventDate "2022.11.12"]

1. d4 Nf6 2. Nf3 d5 3. c3 e6 4. Bf4 c5 5. e3 Bd6 6. Bb5+ Kf8 7. dxc5 Bxc5 8. O-O
Nc6 9. Nbd2 Bd6 10. Bxd6+ Qxd6 11. Qe2 Bd7 12. Rad1 Ne5 13. Nxe5 Qxe5 14. Bxd7
Nxd7 15. Nf3 Qc7 16. e4 Nb6 17. exd5 Nxd5 18. c4 Nf4 19. Qe4 Ng6 20. h4 Qc6 21.
Qe3 f6 22. Nd4 Qxc4 23. Nxe6+ Kg8 24. Rd7 1-0

[Event "chess.com SpeedChess Q2Sw"]
[Site "chess.com INT"]
[Date "2022.11.12"]
[Round "3"]
[White "Yang, Kevin"]
[Black "Yanchenko, Roman"]
[Result "1-0"]
[BlackTitle "FM"]
[WhiteElo "2082"]
[BlackElo "2467"]
[WhiteFideId "30908485"]
[BlackFideId "4137329"]
[EventDate "2022.11.12"]

1. d4 d5 2. Nc3 Bf5 3. Bf4 e6 4. e3 Nf6 5. Bd3 Bxd3 6. cxd3 c5 7. Nf3 Nc6 8. O-O
cxd4 9. Nb5 Rc8 10. Nbxd4 Bd6 11. Nxc6 bxc6 12. Bxd6 Qxd6 13. Qa4 Rc7 14. Rfc1
O-O 15. Rc2 c5 16. Rac1 Rb8 17. Qa3 Rb5 18. Nd4 Rb4 19. Qxb4 cxb4 20. Rxc7 g5
21. Rxa7 Ng4 22. g3 Qe5 23. Rc8+ Kg7 24. Rcc7 Nh6 25. h3 g4 26. hxg4 Qg5 27.
Nxe6+ 1-0

[Event "chess.com SpeedChess Q2Sw"]
[Site "chess.com INT"]
[Date "2022.11.12"]
[Round "3"]
[White "Volkov, Maksim"]
[Black "Johnson, Donald"]
[Result "1-0"]
[WhiteTitle "FM"]
[BlackTitle "FM"]
[WhiteElo "2357"]
[BlackElo "2232"]
[WhiteFideId "54123070"]
[BlackFideId "30949122"]
[EventDate "2022.11.12"]

1. d4 Nf6 2. c4 g6 3. g3 Bg7 4. Bg2 c6 5. e4 d5 6. cxd5 cxd5 7. e5 Nfd7 8. Nc3
e6 9. f4 O-O 10. Nf3 Nc6 11. O-O b6 12. h4 h5 13. Ng5 Ba6 14. Rf2 Rc8 15. Be3
Ne7 16. g4 hxg4 17. Qxg4 Nf5 18. Re1 Nc5 19. dxc5 d4 20. Rd2 bxc5 21. Bf2 dxc3
22. Rxd8 Rfxd8 23. bxc3 Rd2 24. h5 Nh6 25. Qh3 gxh5 26. Nxe6 Ng4 27. Nxg7 Nxf2
28. Qe3 Rd3 29. Qxf2 Kxg7 30. Bf1 c4 31. Bxd3 cxd3 32. f5 f6 33. exf6+ Kf7 34.
Qd4 Rc7 35. Re7+ Rxe7 36. fxe7 Kxe7 37. Qxa7+ Kf6 38. Qxa6+ Kxf5 39. Qxd3+ Kg4
40. c4 h4 41. c5 h3 42. c6 h2+ 43. Kxh2 Kf4 44. c7 Kg5 45. c8=Q Kf6 46. Qcf5+
Ke7 47. Qdd7# 1-0

[Event "chess.com SpeedChess Q2Sw"]
[Site "chess.com INT"]
[Date "2022.11.12"]
[Round "3"]
[White "Pranav, V"]
[Black "Brodowski, Piotr"]
[Result "1-0"]
[WhiteTitle "IM"]
[BlackTitle "IM"]
[WhiteElo "2548"]
[BlackElo "2455"]
[WhiteFideId "25060783"]
[BlackFideId "1124480"]
[EventDate "2022.11.12"]

1. e4 d6 2. d4 Nf6 3. Nc3 g6 4. Nf3 Bg7 5. Be3 a6 6. Qd2 h6 7. h3 b5 8. a3 Bb7
9. Bd3 Nfd7 10. O-O c5 11. a4 c4 12. Be2 b4 13. Nd5 a5 14. Bxc4 e6 15. Nf4 Bxe4
16. Nh2 O-O 17. d5 e5 18. Ne2 Nb6 19. Bb3 h5 20. Ng3 Bf5 21. Nxf5 gxf5 22. Bxb6
Qxb6 23. Qg5 f4 24. Nf3 Nd7 25. Nh4 Qd8 26. Qxh5 Nf6 27. Qd1 Ne4 28. Nf5 Qg5 29.
Qg4 Rfd8 30. Rfe1 Qxg4 31. hxg4 Nc5 32. f3 Bf6 33. Bc4 Rac8 34. b3 Rc7 35. Rad1
Nd7 36. Kf2 1-0

[Event "chess.com SpeedChess Q2Sw"]
[Site "chess.com INT"]
[Date "2022.11.12"]
[Round "3"]
[White "Stribuk, Artiom"]
[Black "Musovic, Armin"]
[Result "0-1"]
[WhiteTitle "FM"]
[BlackTitle "FM"]
[WhiteElo "2312"]
[BlackElo "2276"]
[WhiteFideId "13515659"]
[BlackFideId "939935"]
[EventDate "2022.11.12"]

1. d4 d5 2. c4 c5 3. cxd5 e6 4. Nf3 exd5 5. Nc3 Nc6 6. dxc5 d4 7. Na4 Bxc5 8.
Nxc5 Qa5+ 9. Bd2 Qxc5 10. b4 Qb6 11. a4 Nxb4 12. a5 Qd6 13. e3 Nc6 14. exd4 Nf6
15. Be2 O-O 16. O-O Nxd4 17. Nxd4 Qxd4 18. Be3 Qxd1 19. Rfxd1 Bg4 20. f3 Be6 21.
Rab1 Nd5 22. Bd4 b6 23. axb6 axb6 24. Bxb6 Nc3 25. Bf1 Nxb1 26. Rxb1 Rfb8 27.
Bd3 Ra3 28. Be4 f5 29. Bc2 Rc3 30. Ba4 Rc4 31. Bd1 Rc6 0-1

[Event "chess.com SpeedChess Q2Sw"]
[Site "chess.com INT"]
[Date "2022.11.12"]
[Round "3"]
[White "Kopylov, Alexander A."]
[Black "Tokhirjonova, Gulrukhbegim"]
[Result "0-1"]
[WhiteTitle "IM"]
[BlackTitle "WGM"]
[WhiteElo "2397"]
[BlackElo "2328"]
[WhiteFideId "4164857"]
[BlackFideId "14203626"]
[EventDate "2022.11.12"]

1. e4 e5 2. Nf3 Nc6 3. Bc4 Nf6 4. d3 Bc5 5. O-O h6 6. Be3 Bb6 7. a4 d6 8. Nbd2
O-O 9. h3 Be6 10. Bb5 Ne7 11. a5 Bxe3 12. fxe3 c6 13. Bc4 d5 14. exd5 cxd5 15.
Bb3 Ng6 16. Qe1 Qc7 17. Nh4 Kh7 18. Nxg6 fxg6 19. e4 Rad8 20. a6 b5 21. Kh1 Qc8
22. exd5 Bxd5 23. Bxd5 Rxd5 24. c4 Rxd3 25. cxb5 Rfd8 26. Ne4 Nh5 27. Rf2 R8d4
28. Kg1 Qc4 29. Nd2 Qd5 30. Nf3 Rd1 31. Nxd4 Rxe1+ 32. Rxe1 Qxd4 33. Rc1 Nf4 34.
Rc2 Nd3 35. Rd2 e4 36. Kh1 Nxf2+ 0-1

[Event "chess.com SpeedChess Q2Sw"]
[Site "chess.com INT"]
[Date "2022.11.12"]
[Round "3"]
[White "Aradhya, Garg"]
[Black "Sairam, Pranav"]
[Result "1-0"]
[WhiteTitle "FM"]
[WhiteElo "2289"]
[BlackElo "2018"]
[WhiteFideId "25006746"]
[BlackFideId "30951330"]
[EventDate "2022.11.12"]

1. d4 d5 2. c4 e6 3. Nc3 Be7 4. Bf4 Nf6 5. e3 O-O 6. a3 Nbd7 7. Nb5 c5 8. Bc7
Qe8 9. Nd6 Bxd6 10. Bxd6 cxd4 11. Bxf8 dxe3 12. Bb4 exf2+ 13. Kxf2 Ne4+ 14. Ke1
Qd8 15. Nf3 Ne5 16. Be2 a5 17. Bc3 Nxf3+ 18. Bxf3 Nxc3 19. bxc3 Qh4+ 20. g3 Qxc4
21. Qd4 Qc6 22. Kf2 Bd7 23. c4 Qa4 24. Rhc1 Rc8 25. Rab1 Qxa3 26. Qb2 Qc5+ 27.
Kg2 dxc4 28. Qxb7 Ba4 29. Qb6 Qf5 30. Rxc4 Rf8 31. Be4 1-0

[Event "chess.com SpeedChess Q2Sw"]
[Site "chess.com INT"]
[Date "2022.11.12"]
[Round "3"]
[White "Goroshkov, Maksym"]
[Black "Lazavik, Denis"]
[Result "0-1"]
[WhiteTitle "FM"]
[BlackTitle "IM"]
[WhiteElo "2261"]
[BlackElo "2529"]
[WhiteFideId "14142716"]
[BlackFideId "13515110"]
[EventDate "2022.11.12"]

1. e4 c5 2. c3 Nf6 3. e5 Nd5 4. Bc4 Nb6 5. Bb3 d6 6. exd6 Qxd6 7. d4 cxd4 8.
cxd4 Be6 9. Nc3 Bxb3 10. axb3 e6 11. Nf3 Be7 12. O-O O-O 13. Nb5 Qd7 14. Qe2 Nc6
15. Rd1 a6 16. Na3 Bxa3 17. bxa3 Nd5 18. Bb2 Rac8 19. Rac1 Nce7 20. Ne5 Qd6 21.
Nc4 Qb8 22. Ne5 Rxc1 23. Rxc1 Rc8 24. Rxc8+ Qxc8 25. Qc4 Qd8 26. h3 f6 27. Nd3
Kf7 28. Nc5 Qc7 29. Qe2 Qc6 30. Qh5+ Ng6 31. Qf3 a5 32. g3 b6 33. Nd3 Qc2 34.
Bc1 Kg8 35. Qe4 Nf8 36. Be3 f5 37. Qe5 Qxd3 38. Bg5 h6 39. Bd8 Kh7 40. Qd6 Qd1+
41. Kg2 Qe2 42. Kg1 Ng6 43. h4 f4 44. h5 Qxh5 45. Qxe6 Qd1+ 46. Kg2 f3+ 47. Kh3
Ndf4+ 0-1

[Event "chess.com SpeedChess Q2Sw"]
[Site "chess.com INT"]
[Date "2022.11.12"]
[Round "3"]
[White "Rohith, Krishna S"]
[Black "Primbetov, Kazbek"]
[Result "1-0"]
[WhiteTitle "FM"]
[BlackTitle "FM"]
[WhiteElo "2380"]
[BlackElo "2156"]
[WhiteFideId "46617051"]
[BlackFideId "13702297"]
[EventDate "2022.11.12"]

1. e4 c5 2. d4 cxd4 3. Nf3 e6 4. Nxd4 a6 5. c4 Nf6 6. f3 d5 7. cxd5 exd5 8. e5
Bb4+ 9. Nc3 Qe7 10. f4 Ne4 11. Bd2 Bxc3 12. Bxc3 Qh4+ 13. g3 Nxg3 14. hxg3 Qxh1
15. Qa4+ Bd7 16. Qb3 Qe4+ 17. Kf2 Nc6 18. Qxb7 Rb8 19. Qc7 Rc8 20. Qb6 Nxd4 21.
Bxd4 Rc2+ 22. Kg1 O-O 23. Bf2 Bc6 24. Re1 Qf3 25. Bg2 Qg4 26. Qb3 Re2 27. Rc1 h5
28. Bf3 Qh3 29. Bxe2 Bd7 30. Qxd5 Be6 31. Qg2 Qf5 32. Bc4 Rc8 33. b3 Qf6 34.
exf6 1-0

[Event "chess.com SpeedChess Q2Sw"]
[Site "chess.com INT"]
[Date "2022.11.12"]
[Round "3"]
[White "Molenda, Marcin"]
[Black "Alahakoon, Isuru"]
[Result "1-0"]
[WhiteTitle "FM"]
[BlackTitle "FM"]
[WhiteElo "2381"]
[BlackElo "1984"]
[WhiteFideId "1173065"]
[BlackFideId "9900993"]
[EventDate "2022.11.12"]

1. e4 d5 2. exd5 Qxd5 3. Nc3 Qe5+ 4. Be2 Bg4 5. d4 Bxe2 6. Ngxe2 Qa5 7. O-O Nc6
8. d5 O-O-O 9. Bd2 Ne5 10. Nd4 Nf6 11. Qe2 Ng6 12. Qc4 Ne5 13. Qb3 Nxd5 14. Rad1
Nxc3 15. Bxc3 Qd5 16. Qa4 Nc6 17. Nxc6 Qxd1 18. Nxd8 Qxd8 19. Qxa7 Qd5 20. Ba5
e6 21. c4 Qc6 22. Qa8+ Kd7 23. Rd1+ Bd6 24. Qxh8 Qxc4 25. Bc3 Qf4 26. Qxh7 Qg4
27. Re1 e5 28. h3 Qg5 29. Qe4 c6 30. Bxe5 f5 31. Qd4 1-0

[Event "chess.com SpeedChess Q2Sw"]
[Site "chess.com INT"]
[Date "2022.11.12"]
[Round "3"]
[White "Melkumyan, Hrant"]
[Black "Gorodetzky, David"]
[Result "1-0"]
[WhiteTitle "GM"]
[BlackTitle "IM"]
[WhiteElo "2645"]
[BlackElo "2495"]
[WhiteFideId "13302485"]
[BlackFideId "2813416"]
[EventDate "2022.11.12"]

1. d4 Nf6 2. c4 e6 3. Bf4 Bb4+ 4. Nd2 d6 5. Nf3 Nc6 6. e3 Qe7 7. Bg3 O-O 8. a3
Bxd2+ 9. Nxd2 e5 10. d5 Nb8 11. e4 a5 12. Bd3 Na6 13. O-O Bd7 14. Bc2 b5 15.
cxb5 Bxb5 16. Re1 Nc5 17. b3 Rab8 18. Re3 Nfd7 19. Rc1 f5 20. exf5 Qf7 21. Ne4
Nxe4 22. Bxe4 Nc5 23. Rxc5 dxc5 24. Bxe5 Rbe8 25. f4 Re7 26. Rg3 Qe8 27. Qg4
Rff7 28. f6 Rxe5 29. fxe5 Qxe5 30. Qc8+ Be8 31. Re3 Qa1+ 32. Kf2 1-0

[Event "chess.com SpeedChess Q2Sw"]
[Site "chess.com INT"]
[Date "2022.11.12"]
[Round "3"]
[White "Yu, Yangyi"]
[Black "Harsha, Bharathakoti"]
[Result "1-0"]
[WhiteTitle "GM"]
[BlackTitle "GM"]
[WhiteElo "2716"]
[BlackElo "2582"]
[WhiteFideId "8603820"]
[BlackFideId "5078776"]
[EventDate "2022.11.12"]

1. e4 c5 2. Nf3 e6 3. d4 cxd4 4. Nxd4 a6 5. a3 Nc6 6. c4 Nf6 7. Nc3 d6 8. Be3
Be7 9. Be2 O-O 10. O-O Bd7 11. Rc1 Rc8 12. h3 Qa5 13. Qd2 Rfe8 14. Rfd1 Ne5 15.
b4 Qc7 16. f4 Ng6 17. Nb3 Qb8 18. c5 dxc5 19. e5 Nd5 20. Nxd5 exd5 21. Nxc5 Bc6
22. Bg4 Rc7 23. Bd4 Bf8 24. Re1 Bb5 25. f5 Ne7 26. e6 f6 27. a4 Bc4 28. Nd7 Qc8
29. Bxf6 gxf6 30. Nxf6+ Kh8 31. Nxe8 Qxe8 32. f6 Ng6 33. e7 Nxe7 34. Qd4 Kg8 35.
Be6+ 1-0

[Event "chess.com SpeedChess Q2Sw"]
[Site "chess.com INT"]
[Date "2022.11.12"]
[Round "3"]
[White "Ljukin, Sergei"]
[Black "Biastoch, Bennet"]
[Result "1-0"]
[WhiteTitle "FM"]
[BlackTitle "FM"]
[WhiteElo "2362"]
[BlackElo "2232"]
[WhiteFideId "14102200"]
[BlackFideId "12939889"]
[EventDate "2022.11.12"]

1. e4 c5 2. Nf3 d6 3. d4 cxd4 4. Nxd4 Nf6 5. Nc3 a6 6. Bg5 Nbd7 7. f4 Qc7 8. f5
h6 9. Bxf6 Nxf6 10. Qf3 b5 11. O-O-O Bb7 12. g4 b4 13. Nd5 Nxd5 14. exd5 Qa5 15.
Bc4 Rc8 16. Bb3 Rc5 17. Nc6 Bxc6 18. dxc6 h5 19. g5 Rxf5 20. c7 Kd7 21. Qc6+
Kxc6 22. c8=Q+ Kb6 23. Qb8+ Kc6 24. Bxf7 g6 25. Be8+ Kc5 26. Qb7 b3 27. Qc6+ Kb4
28. c3# 1-0

[Event "chess.com SpeedChess Q2Sw"]
[Site "chess.com INT"]
[Date "2022.11.12"]
[Round "3"]
[White "Pham, Le Thao Nguyen"]
[Black "Melian, Juan Sebastian"]
[Result "0-1"]
[WhiteTitle "IM"]
[BlackTitle "CM"]
[WhiteElo "2369"]
[BlackElo "2150"]
[WhiteFideId "12401226"]
[BlackFideId "3706575"]
[EventDate "2022.11.12"]

1. g4 d5 2. h3 Nc6 3. Bg2 g6 4. d3 Bg7 5. Nf3 e5 6. Nc3 Nge7 7. Bg5 f6 8. Bd2
Be6 9. Qc1 O-O 10. Bh6 d4 11. Ne4 Nd5 12. Nc5 Bc8 13. Bxg7 Kxg7 14. g5 f5 15. h4
Nf4 16. Bf1 b6 17. Nb3 Qd6 18. h5 Nxh5 19. Qd2 a5 20. a3 a4 21. Nc1 e4 22. Nh4
Be6 23. Ng2 Bd5 24. Rxh5 gxh5 25. Nf4 Bf7 26. Bh3 Bg6 27. Na2 Rae8 28. O-O-O e3
29. fxe3 Rxe3 30. Rf1 Rfe8 31. Bg2 Na5 32. Kb1 c5 33. Nc1 Nc6 34. Nd5 R3e6 35.
Nf6 Rxf6 36. gxf6+ Qxf6 37. Rg1 Ne5 38. Bd5 Ng4 39. Qf4 Qe5 40. Qf3 Qe3 41. Qg2
h4 42. Bc4 h3 43. Qb7+ Re7 44. Qb8 Qxg1 45. Qg8+ Kh6 46. Qf8+ Rg7 0-1

[Event "chess.com SpeedChess Q2Sw"]
[Site "chess.com INT"]
[Date "2022.11.12"]
[Round "3"]
[White "Matinian, Nikita"]
[Black "Steinberg, Nitzan"]
[Result "1/2-1/2"]
[WhiteTitle "GM"]
[BlackTitle "GM"]
[WhiteElo "2425"]
[BlackElo "2537"]
[WhiteFideId "24129100"]
[BlackFideId "2801795"]
[EventDate "2022.11.12"]

1. e4 g6 2. d4 Bg7 3. Nc3 d6 4. f4 a6 5. Nf3 b5 6. Bd3 Bb7 7. e5 c5 8. dxc5 dxe5
9. Nxe5 Nc6 10. Nxc6 Bxc6 11. Be3 b4 12. Ne4 Nh6 13. O-O Bxb2 14. Rb1 Bd4 15.
Qe1 Nf5 16. Bxd4 Qxd4+ 17. Kh1 a5 18. Qf2 O-O-O 19. Ng5 Ne3 20. Nf3 Qxf4 21.
Rfe1 Ng4 22. Qe2 Bxf3 23. gxf3 Nf6 24. Ba6+ Kc7 25. Qb5 Qxf3+ 26. Kg1 Qg4+ 27.
Kh1 Qf3+ 28. Kg1 Qg4+ 29. Kh1 Qf3+ 1/2-1/2